000357186 001__ 357186
000357186 005__ 20250210102614.0
000357186 0247_ $$2URN$$aurn:nbn:de:tuda-tuprints-286565
000357186 0247_ $$2doi$$a10.26083/tuprints-00028656
000357186 0247_ $$2datacite_doi$$a10.15120/GSI-2025-00330
000357186 037__ $$aGSI-2025-00330
000357186 041__ $$aEnglish
000357186 1001_ $$0P:(DE-HGF)0$$aScheuren, Stefan$$b0$$eCorresponding author$$gmale
000357186 245__ $$aComprehensive characterization of laser-driven neutron sources and a pathway towards miniaturization
000357186 260__ $$c2024
000357186 300__ $$axii, 152 Seiten
000357186 3367_ $$2DataCite$$aOutput Types/Dissertation
000357186 3367_ $$2ORCID$$aDISSERTATION
000357186 3367_ $$2BibTeX$$aPHDTHESIS
000357186 3367_ $$02$$2EndNote$$aThesis
000357186 3367_ $$0PUB:(DE-HGF)11$$2PUB:(DE-HGF)$$aDissertation / PhD Thesis$$bphd$$mphd$$s1739174109_410936
000357186 3367_ $$2DRIVER$$adoctoralThesis
000357186 500__ $$aCC BY 4.0 International - Creative Commons, Attribution.
000357186 502__ $$aDissertation, Technical University of Darmstadt, 2024$$bDissertation$$cTechnical University of Darmstadt$$d2024$$o2024-10-14
000357186 536__ $$0G:(DE-HGF)POF4-632$$a632 - Materials – Quantum, Complex and Functional Materials (POF4-632)$$cPOF4-632$$fPOF IV$$x0
000357186 693__ $$0EXP:(DE-Ds200)P-21-00017-20221208$$1EXP:(DE-Ds200)PTA-20200803$$5EXP:(DE-Ds200)P-21-00017-20221208$$aPTA$$eP-21-00017: Combined laser-driven neutron and X-ray source for  non-destructive material identification (Station: PTA)$$x0
000357186 693__ $$0EXP:(DE-Ds200)P208-20200803$$1EXP:(DE-Ds200)PTA-20200803$$5EXP:(DE-Ds200)P208-20200803$$aPTA$$eP208: Combined laser-driven neutron and X-ray source for non-destructive material analysis (POF3-6211; PTA)$$x1
000357186 773__ $$a10.26083/tuprints-00028656
000357186 8564_ $$uhttps://repository.gsi.de/record/357186/files/Einverstaendnis_Scheuren.pdf
000357186 8564_ $$uhttps://repository.gsi.de/record/357186/files/Dissertation_Scheuren.pdf$$yOpenAccess
000357186 8564_ $$uhttps://repository.gsi.de/record/357186/files/Einverstaendnis_Scheuren.pdf?subformat=pdfa$$xpdfa
000357186 8564_ $$uhttps://repository.gsi.de/record/357186/files/Dissertation_Scheuren.pdf?subformat=pdfa$$xpdfa$$yOpenAccess
000357186 909CO $$ooai:repository.gsi.de:357186$$popenaire$$popen_access$$purn$$pdriver$$pVDB$$pdnbdelivery
000357186 9101_ $$0I:(DE-HGF)0$$6P:(DE-HGF)0$$aTU Darmstadt$$b0
000357186 9131_ $$0G:(DE-HGF)POF4-632$$1G:(DE-HGF)POF4-630$$2G:(DE-HGF)POF4-600$$3G:(DE-HGF)POF4$$4G:(DE-HGF)POF$$aDE-HGF$$bForschungsbereich Materie$$lVon Materie zu Materialien und Leben$$vMaterials – Quantum, Complex and Functional Materials$$x0
000357186 9141_ $$y2024
000357186 915__ $$0StatID:(DE-HGF)0510$$2StatID$$aOpenAccess
000357186 915__ $$0LIC:(DE-HGF)CCBY4$$2HGFVOC$$aCreative Commons Attribution CC BY 4.0
000357186 920__ $$lyes
000357186 9201_ $$0I:(DE-Ds200)PPH-20051214OR027$$kPPH$$lPlasmaphysik / PHELIX$$x0
000357186 980__ $$aphd
000357186 980__ $$aVDB
000357186 980__ $$aI:(DE-Ds200)PPH-20051214OR027
000357186 980__ $$aUNRESTRICTED
000357186 9801_ $$aFullTexts